| 000 | 00701nam a2200229 a 4500 | ||
|---|---|---|---|
| 999 |
_c3858 _d3858 |
||
| 001 | 3858 | ||
| 003 | BD-JhCC | ||
| 005 | 20171119102028.0 | ||
| 008 | 171119s1963 bg |||| |||| 000 0 ben d | ||
| 035 | _a(BD-JhCC) 3858 | ||
| 040 |
_aBD-JhCC _dBD-JhCC |
||
| 041 | _aben | ||
| 082 |
_a891.4435 _bSHA 1963 |
||
| 100 | _aশাহজাহান, সৈয়দ | ||
| 245 |
_aমরুর কোলে হাজেরা / _c সৈয়দ শাহজাহান |
||
| 260 |
_aঢাকা : _bশহীদ পাবলিকেশন, _c১৯৬৩. |
||
| 300 |
_a১২০ পৃ. : _c১৭ সেমি. |
||
| 650 | _aIslamic stories | ||
| 700 | _a | ||
| 942 |
_2ddc _cBK |
||